|
|
|
|
| LEADER |
01053ppm a22002658a 4500 |
| 001 |
00041047 |
| 005 |
20180315140306.0 |
| 008 |
121122s2009 ||||||viesd |
| 041 |
0 |
# |
|a vie
|
| 082 |
1 |
4 |
|a 895.922 100 9
|b D305M
|
| 100 |
1 |
# |
|a Đặng, Văn Thiệp
|
| 245 |
0 |
0 |
|a Diện mạo thơ Đồng Tháp sau 1975
|b Luận văn thạc sĩ Ngữ Văn . Chuyên ngành: Văn học Việt Nam . Mã số: 60.22.34
|c Đặng Văn Thiệp ; Hoàng Mạnh Hùng (hướng dẫn)
|
| 260 |
# |
# |
|a Nghệ An
|b Đại học Vinh
|c 2012
|
| 300 |
# |
# |
|c 30 cm
|a 135 tr.
|
| 500 |
# |
# |
|a ĐTTS ghi: Bộ giáo dục và đào tạo. Đại học Vinh
|
| 653 |
# |
# |
|a Diện mạo
|
| 653 |
# |
# |
|a Đồng Tháp
|
| 653 |
# |
# |
|a Văn học Việt Nam
|
| 653 |
# |
# |
|a Luận văn
|
| 653 |
# |
# |
|a Năm 1975
|
| 653 |
# |
# |
|a Văn học
|
| 700 |
1 |
# |
|a Hoàng, Mạnh Hùng
|e Hướng dẫn
|
| 852 |
# |
# |
|j LV.0001782
|
| 910 |
|
|
|d 15/03/2018
|
| 980 |
# |
# |
|a Trung tâm Học liệu Lê Vũ Hùng, Trường Đại học Đồng Tháp
|